Cartilla de orientación educacional para niñas y varones que salen de las escuelas primarias.

Gespeichert in:
Bibliographische Detailangaben
1. Verfasser: Ministerio de Justicia e Instrucción Pública
Format: keine Angabe
Sprache:Spanisch
Erschienen: 2-Buenos Aires,Argentina 1928
Katalog:MANES:  Suchergebnis im Bibliothekskatalog
Schulbuchspezifische Eigenschaften:
Tags: Tag hinzufügen
Keine Tags, Fügen Sie den ersten Tag hinzu!
Hinzugefügt zu:26.04.2016

MARC

LEADER 000000000a22000000004500
001 15158
003 OSt
008 160427s sp ||||| |||| 00| 0 spa d
041 1 |a spa 
040 |c centro_manes 
691 7 |a PRI 
100 1 |a Ministerio de Justicia e Instrucción Pública  |9 11164 
245 0 0 |a Cartilla de orientación educacional para niñas y varones que salen de las escuelas primarias. 
260 3 |a 2-Buenos Aires,Argentina  |c 1928 
300 |a 182 p.  |c 15 x 21,5 cm 
500 |a Es una publicación del Ministerio de Justicia e Instrucción Pública del Instituto de Psicotécnica y de Orientación Profesional. Fue impreso en la Colonia Hogarf Ricardo Gutierrez, Marcos Paz, provincia de Buenos Aires. Combina dos partes, una para varones y otra para mujeres. Divide distintos tipos de enseñanza y da el listado de escuelas donde se puede adquirir cada tipo de enseñanza: industrial, comercial, agrícola-ganadera y militar.En una advertencia en la contratapa se llama la atención sobre 
690 0 |a EyL 
942 |2 ddc  |c BK 
546 |a Argentina 
999 |c 21132  |d 21132 
999 |c manes:21132  |d 21132